Indian tourism products / (Record no. 26045)

MARC details
000 -LEADER
fixed length control field 01022nam a22002777a 4500
005 - DATE AND TIME OF LATEST TRANSACTION
control field 20090504104614.0
008 - FIXED-LENGTH DATA ELEMENTS--GENERAL INFORMATION
fixed length control field 090504t xxu||||| |||| 00| 0 eng d
010 ## - LCCN (DPL NO)
LC control number ENG-93376
020 ## - INTERNATIONAL STANDARD BOOK NUMBER
International Standard Book Number 8189886010
Terms of availability 580.00
020 ## - INTERNATIONAL STANDARD BOOK NUMBER
International Standard Book Number 9788189886011
Terms of availability 580.00
035 ## - SYSTEM CONTROL NUMBER
System control number EN-76909
037 ## - SOURCE OF ACQUISITION
Source of stock number/acquisition DBAD / PUB
040 ## - CATALOGING SOURCE
Original cataloging agency dpl
Language of cataloging English
082 ## - DEWEY DECIMAL CLASSIFICATION NUMBER
Classification number 338.4791
100 ## - MAIN ENTRY--PERSONAL NAME
Personal name Jacob, Robinet
245 ## - TITLE STATEMENT
Title Indian tourism products /
Statement of responsibility, etc by Robinet Jacob, Sindhu Joseph [and] Anoop Philip
260 ## - PUBLICATION, DISTRIBUTION, ETC. (IMPRINT)
Place of publication, distribution, etc Delhi
Name of publisher, distributor, etc Abhijeet Publications
Date of publication, distribution, etc 2007
270 ## - ADDRESS
Address 2/46 Tukhmeerpur Extension
City Delhi
Postal code 110094
300 ## - PHYSICAL DESCRIPTION
Extent xi, 228p.
Dimensions 22cm (Hb)
500 ## - GENERAL NOTE
General note Includes bibliographical references and index
650 ## - SUBJECT ADDED ENTRY--TOPICAL TERM
Topical term or geographic name as entry element Tourism
General subdivision Marketing.
700 ## - ADDED ENTRY--PERSONAL NAME
Personal name Joseph, Sindhu
700 ## - ADDED ENTRY--PERSONAL NAME
Personal name Philip, Anoop
942 ## - ADDED ENTRY ELEMENTS (KOHA)
Source of classification or shelving scheme Dewey Decimal Classification
Item type English Books
Call number suffix JAC
Classification part 338.4791
Holdings
Withdrawn status Lost status Source of classification or shelving scheme Damaged status Not for loan Collection code Home library Current library Date acquired Source of acquisition Cost, normal purchase price Total Checkouts Full call number Barcode Date last seen Copy number Cost, replacement price Koha item type
    Dewey Decimal Classification   Not For Loan Non-fiction D.B.Act.Division D.B.Act.Division 04/05/2009 DBAD / PUB 580.00   338.4791 JAC EN-76909 04/05/2009 1 580.00 English Books

© Delhi Public Library
Hit Counter
free hit counter